| 000 | 00713nam a2200265Ia 4500 | ||
|---|---|---|---|
| 005 | 20250425161822.0 | ||
| 008 | 250425s9999 xx 000 0 und d | ||
| 041 | _aspa | ||
| 043 | _aec | ||
| 082 | _a332.64 | ||
| 100 | _aBOLSA DE VALORES, DE GUAYAQUIL | ||
| 245 | 0 | _aCAPITAL BASE DE DATOS FINANCIERA ECUATORIANA: PRESENTANDO AL MUNDO LAS EMPRESAS DEL ECUADOR | |
| 250 | _a1A ED. | ||
| 260 |
_aEcuador _bBVG _c2000 |
||
| 260 | _aGUAYAQUIL | ||
| 300 | _a176 | ||
| 650 | _aBOLSA DE VALORES-GUAYAQUIL | ||
| 650 | _aCOMPAÑIAS | ||
| 650 | _aEMPRESAS | ||
| 650 | _aESTADOS FINANCIEROS | ||
| 650 | _aMERCADO DE VALORES | ||
| 710 | _aBOLSA DE VALORES DE GUAYAQUIL | ||
| 942 | _c01 | ||
| 010 | _a30969 | ||
| 999 |
_c216748 _d216748 |
||